Statistics for Same Title, Different Song

Click here to take the quiz!

General Stats

  • This quiz has been taken 52 times
  • The average score is 5 of 20

Answer Stats

ArtistSong TitleArtist% Correct
Van Halen (1983)JumpKriss Kross (1992)
76%
Rick Astley (1987)Never Gonna Give You UpThe Black Keys (2009)
52%
Frankie Goes to Hollywood (1984)The Power of LoveHuey Lewis and The News (1985)
48%
Sam Brown (1988)StopSpice Girls (1988)
36%
Dolly Parton (1980)9 to 5Sheena Easton (1980)
33%
Sabrina (1987)BoysBritney Spears (2002)
26%
Kool & The Gang (1980)CelebrationMadonna (2009)
26%
En Vogue (1990)Hold OnWilson Phillips (1990)
24%
Madonna (1983)HolidayGreen Day (2005)
24%
Steve Winwood (1982)ValerieMark Ronson featuring Amy Winehouse (2007)
21%
Wham! (1984)FreedomGeorge Michael (1990)
17%
The Supremes (1964)Baby LoveDannii Minogue (1991)
14%
Aswad (1994)ShineTake That (2006)
14%
Queen (1976)Somebody to LoveJustin Bieber (2010)
14%
Madonna (1994)Take a BowRihanna (2008)
12%
Kylie Minogue (1990)Better The Devil You KnowSonia (1993)
10%
Radiohead (1997)LuckyBritney Spears (2000)
7%
Kylie Minogue (1988)Love at First SightKylie Minogue (2002)
5%
Phil Collins (1984)One More NightMaroon 5 (2012)
5%
Coldplay (2000)TroublePink (2003)
5%

Score Distribution

Percentile by Number Answered

Percent of People with Each Score

Your Score History

You have not taken this quiz